| 000 | 00505nam a2200181Ia 4500 | ||
|---|---|---|---|
| 001 | 54476 | ||
| 008 | 120216n ii |||gr||||Z||||||465 | ||
| 020 | _a978-81-7821-881-8 (PB) | ||
| 082 | _a320.454 | ||
| 100 | _aChakrabarty,Bidyut. | ||
| 245 | 0 |
_aIndian Government and Politics _cBidyut Chakrabarty,Rajendra Kr.Pandey _hTextual Documents |
|
| 250 | _aIst ed-2008. | ||
| 260 |
_aLondon _bSage Publications |
||
| 300 |
_a358p: _c23cm. |
||
| 653 | _aPol.Sc | ||
| 653 | _aDept - Pol.Sc | ||
| 942 |
_2ddc _cBK |
||
| 999 |
_c54438 _d54438 |
||